000 00475ntaaa2200169 4500
003 01
005 20251027202414.0
008 0714s1973 ag 01
040 _aAR-BaBN
_bspa
_cAR-BaBN
_eaacr
_dRIC
082 _a286.1820 Ar3p
100 _aArgentina Convención Evangélica Bautista
_922878
245 _aPrograma de la actividad convencional para el año 1978
250 _a1 ed.
260 _aBuenos Aires :
_bC.E.B.,
_c1978
300 _a16 h. mimeografiado
942 _cBK
999 _c18990
_d18990